000 00342nam a2200121Ia 4500
008 150202s9999 xx 000 0 und d
050 _aFIC
_bFIC
100 _aBob Stine, Jovial.
245 _a101 wacky kid Jjokes /
_cJovial Bob Stine.
260 _aNew York :
_bScholastic Inc.,
_c1988.
300 _a94 pages :
_c18 cm.
650 _aFiction.
999 _c282402
_d282402